<?xml version="1.0" encoding="UTF-8"?><collection xmlns="info:lc/xmlns/marcxchange-v2"><record format="Unimarc" type="bibliographic"><leader>00775cam  2200253   450 </leader><controlfield tag="001">1716020</controlfield><controlfield tag="003">http://id.bnportugal.gov.pt/bib/porbase/1716020</controlfield><controlfield tag="005">20030626145800.0</controlfield><datafield ind1=" " ind2=" " tag="010"><subfield code="a">3-540-62910-6</subfield></datafield><datafield ind1=" " ind2=" " tag="035"><subfield code="9">31950</subfield></datafield><datafield ind1=" " ind2=" " tag="095"><subfield code="a">PTBN00946322</subfield></datafield><datafield ind1=" " ind2=" " tag="100"><subfield code="a">19970729d1997    k  y0pory0103    ba</subfield></datafield><datafield ind1="0" ind2=" " tag="101"><subfield code="a">eng</subfield></datafield><datafield ind1=" " ind2=" " tag="102"><subfield code="a">DE</subfield></datafield><datafield ind1="1" ind2=" " tag="200"><subfield code="a">Viscosity solutions and applications</subfield><subfield code="f">M. Bardi ... [et al.]</subfield></datafield><datafield ind1=" " ind2=" " tag="210"><subfield code="a">Berlin</subfield><subfield code="c">Springer</subfield><subfield code="d">1997</subfield></datafield><datafield ind1=" " ind2=" " tag="215"><subfield code="a">IX, 259 p</subfield></datafield><datafield ind1="2" ind2=" " tag="225"><subfield code="a">Lecture notes in mathematics</subfield><subfield code="v">1660</subfield></datafield><datafield ind1=" " ind2=" " tag="675"><subfield code="a">517.93</subfield><subfield code="v">med</subfield><subfield code="z">eng</subfield><subfield code="3">1381737</subfield></datafield><datafield ind1=" " ind2=" " tag="675"><subfield code="a">517.977</subfield><subfield code="v">med</subfield><subfield code="z">eng</subfield><subfield code="3">1388473</subfield></datafield><datafield ind1=" " ind2=" " tag="675"><subfield code="a">519.217.8</subfield><subfield code="v">med</subfield><subfield code="z">eng</subfield><subfield code="3">1388474</subfield></datafield><datafield ind1=" " ind2="1" tag="701"><subfield code="a">Bardi</subfield><subfield code="b">Martino</subfield><subfield code="4">070</subfield><subfield code="3">1388475</subfield></datafield><datafield ind1="1" ind2="2" tag="712"><subfield code="a">Centro Internazionale Matematico Estivo</subfield><subfield code="e">Montecatini Terme</subfield><subfield code="f">1995</subfield><subfield code="3">845594</subfield></datafield><datafield ind1=" " ind2="0" tag="801"><subfield code="a">PT</subfield><subfield code="b">BN</subfield><subfield code="g">RPC</subfield></datafield><datafield ind1=" " ind2=" " tag="977"><subfield code="1">XXI. 1660</subfield><subfield code="2">coop</subfield><subfield code="4">UCMA</subfield><subfield code="6">efalt225103</subfield><subfield code="7">bc</subfield><subfield code="8">coop</subfield><subfield code="9">UCMA</subfield><subfield code="b">23557</subfield><subfield code="k">0</subfield></datafield><datafield ind1=" " ind2=" " tag="998"><subfield code="a">CMA23-3418</subfield></datafield></record></collection>